Noniterative factor analysis estimators, with algorithms for subset and instrumental variable selection (Record no. 73421)
[ view plain ]
| 000 -CABECERA | |
|---|---|
| campo de control de longitud fija | 00641nam a2200217 a 4500 |
| 005 - FECHA Y HORA DE LA ÚLTIMA TRANSACCIÓN | |
| campo de control | 20210219153309.0 |
| 008 - ELEMENTOS DE LONGITUD FIJA--INFORMACIÓN GENERAL | |
| campo de control de longitud fija | 991125n 000 0 u |
| 035 ## - NÚMERO DE CONTROL DEL SISTEMA | |
| Número de control de sistema | UPN01000089877 |
| 100 ## - ASIENTO PRINCIPAL--NOMBRE PERSONAL | |
| Nombre de persona | Cudeck, Robert |
| 222 ## - TÍTULO CLAVE | |
| Título clave | JOURNAL OF EDUCATIONAL STATISTICS |
| 245 ## - MENCIÓN DE TÍTULO | |
| Título | Noniterative factor analysis estimators, with algorithms for subset and instrumental variable selection |
| 300 ## - DESCRIPCIÓN FÍSICA | |
| Extensión | 35-52 |
| 362 ## - FECHAS DE PUBLICACIÓN Y/O DESIGNACIÓN SECUENCIAL | |
| Fecha de publicación y/o designación secuencial | 16, No. 1, 1991 |
| 505 ## - NOTA DE CONTENIDO CON FORMATO PREESTABLECIDO | |
| Nota de contenido con formato | Julio 1991 |
| 653 0# - TERMINO DE INDIZACION - NO CONTROLADO | |
| Término no controlado | ALGORITMOS |
| 653 0# - TERMINO DE INDIZACION - NO CONTROLADO | |
| Término no controlado | ANALISIS FACTORIAL |
| 653 0# - TERMINO DE INDIZACION - NO CONTROLADO | |
| Término no controlado | ECUACIONES (MATEMATICAS) |
| 653 0# - TERMINO DE INDIZACION - NO CONTROLADO | |
| Término no controlado | MODELOS MATEMATICOS |
| 904 ## - ELEMENTOS DE DATOS D LOCAL, LDD (RLIN) | |
| a | AC |
| b | 027688 |
| 905 ## - TIPO DE MATERIAL | |
| Tipo de material | Articulo |
No items available.
